Biomas Brasileiros - Por Imagens - Statistics

Estatísticas Gerais
  • Esse quiz foi jogado 849 vezes
  • A pontuação média é 4 de 5
Estatísticas das Respostas
Imagem Resposta % Correto
Cerrado
89%
Caatinga
81%
Pantanal
81%
Amazonia
65%
Pampas
51%
Nenhum quiz correspondente encontrado
Distribuição das Pontuações
Porcentagem de Pessoas com Cada Pontuação
Percentil de Números Respondidos
Sua Pontuação Histórica
Você não jogou esse quiz